Quelle pays est... - Statistiques

Statistiques générales
  • Ce quiz a été pris 125 fois
  • Le résultat moyen est 5 sur 7
Statistiques - réponses
Question Réponse % Correct
Quel pays est en Afrique? îles Maurices
91%
Quel pays est le plus peuplé? Etats-Unis
87%
Quel pays n'est pas frontaliers avec la France? Pays-Bas
87%
Quelle pays contient du jaune dans son drapeau? Portugal
63%
Quelle pays est le plus grand? Chine
60%
Quel pays est le pays avec le plus de PIB? Chine
47%
Quel pays est le plus petit? Belgique
35%
Aucun quiz correspondant
Distribution des résultats
% des personnes avec chaque résultat
Percentile par nombre de réponses
Votre historique - résultats
Vous n’avez pas pris ce quiz